All Vampire Diaries Charakters - Statistics

General Stats
  • This quiz has been taken 347 times
  • The average score is 34 of 77
Answer Stats
Answer % Correct
Elena Gilbert
98%
Damon Salvatore
93%
Stefan Salvatore
92%
Jeremy Gilbert
88%
Caroline Forbes
87%
Bonnie Bennett
86%
John Gilbert
79%
Tyler Lockwood
79%
Rebekah Mikaelson
77%
Klaus Mikaelson
76%
Elijah Mikaelson
75%
Matt Donovan
74%
Jenna Sommers
72%
Kol Mikaelson
72%
Liz Forbes
72%
Carol Lockwood
71%
Finn Mikaelson
70%
Katherine Pierce
70%
Vicki Donovan
69%
Esther Mikaelson
66%
Mikael Mikaelson
66%
Mason Lockwood
62%
Lily Salvatore
61%
Abby Bennett
59%
Anna
59%
Bill Forbes
59%
Kai Parker
56%
Miranda Gilbert
56%
Emily bennett
55%
Liv Parker
54%
Nadia Petrova
54%
Luke Parker
53%
Silas
53%
Grayson Gilbert
52%
Pearl
52%
Zach Salvatore
50%
Amara
49%
Richard Lockwood
48%
Kelly Donovan
47%
Giuseppe Salvatore
46%
Hayley Marshall
45%
Meredith fell
42%
Sybil
42%
Logan fell
41%
Freya Mikaelson
38%
Lexi Branson
38%
Hope Mikaelson
36%
Mary Louise
35%
Cade
33%
April young
31%
Julian
28%
Valerie Tulle
27%
Beau
25%
Josette Laughlin
24%
Josette Laughlin
24%
Jules
23%
Tom avery
23%
Rayna Cruz
21%
Wes Maxfield
18%
Marcel Gerard
17%
Alaric Saltzmann
16%
Davina Claire
15%
Josie Saltzmann
12%
Lizzie Saltzmann
12%
Luka Martin
11%
Jesse
10%
Tessa
9%
Isabella Flemming
8%
Malcolm
8%
Selene
8%
Brady
7%
Sophie Deveraux
7%
Keelin
5%
Nora Hildegart
5%
Camille O' Conell
3%
Geneviev
3%
Shawn O" Conell
2%
No matching quizzes found
Score Distribution
Percent of People with Each Score
Percentile by Number Answered
Your Score History
You have not taken this quiz